Víťazstvo v Číne

Podrobná bibliografia
Médium: Článok
Jazyk:slovenčina
Fyzický popis:Fotogr., obr.
ISSN:1338-0346
Predmet:

MARC

LEADER 00000nab a2200000 a 4500
001 vtls010482020
003 SK-MaSNL
005 20260303090626.0
008 190925c2012 xo wr 0 0slo
038 |a SLLK 
040 |a SLLK  |b slo  |c sllk  |e AACR2 
041 |a slo 
044 |a xo  |c SK 
080 |a 663.51  |2 2001 
245 0 0 |a Víťazstvo v Číne 
300 |b Fotogr., obr. 
610 2 7 |a GAS Familia (Stará Ľubovňa, Slovensko)  |2 SLLK  |9 1024867 
611 2 7 |a China Wine and Spirits Awards 2012  |c (Hong Kong, Čína)  |2 SLLK  |9 1097826 
648 7 |a 2012  |2 snkbucl  |9 326619 
650 0 7 |a alkohol  |2 SLLK  |9 15497 
651 7 |a Stará Ľubovňa (Slovensko)  |2 snkbucl  |9 19193 
773 0 |t Ľubovnianske noviny  |g Roč. XXXVII, č. 37 (2012), s. 2  |x 1338-0346 
999 |c 1804037  |d 1805967